000 00467nam a2200181Ia 4500
005 20250326125644.0
008 250326s9999 xx 000 0 und d
037 _aTextbook
040 _aFMSL
_beng
_cFMSL
041 _aeng
_2eng
084 _aX:8 N1
_qFMSL
100 _aAdair J
_9737845
245 0 _aEffective decision-making
_cAdair J
260 _aDelhi
_bDelhi, Rupa
_c1991
300 _a180p
942 _cTB
_hX:8 N1
999 _c1278975
_d1278975